000 00884nam a2200193 i 4500
001 49068
003 ES-MaACL
005 20230906161858.0
007 t|
008 030707s1850 sp ||||1| spa d
100 1 _aCorral y Oña, Tomás de.
_940734
245 1 3 _aLa homeopatía o farmacología análogo-infinitesimal ante el criterio y el sentido común
_b: lecciones de refutación de la doctrina de Hahnemann esplicadas [sic] en la Facultad de Medicina de la Universidad de Madrid al concluir el curso de 1849 a 1850 /
_cpor Tomás de Corral y Oña.
260 _aMadrid :
_b[s.n.],
_c1850 (
_fImp. y Librería a cargo de A. Trujillo)
300 _a257 p. ;
_c22 cm.
530 _aDisponible en formato digital.
650 0 4 _aHomeopatía.
_913463
852 _aES-MaACL
_jT-684-F-9
856 _uhttp://bdh-rd.bne.es/viewer.vm?id=0000117788&page=1
_zBiblioteca Digital Hispánica
999 _c49068
_d49068